000 00748nam a2200205Ia 4500
005 20241216011346.0
008 190429s9999||||xx |||||||||||||| ||und||
082 _a612.65
_bH41
100 _aHERRERA MUCHA, MILTON JOHNSON Y HUAMAN RIVERA, OSCAR ALEX
245 0 _aINFLUENCIA DE LA VIOLENCIA FAMILIAR EN EL CRECIMIENTO Y DESARROLLO DE NIÑOS MENORES DE 5 AÑOS PROVINCIA DE OXAPAMPA DISTRITO DE OXAPAMPA JULIO - OCTUBRE DEL 2004
250 _a0
260 _aCERRO DE PASCO-PERU
_bUNDAC
_c2005
300 _a47 pag.
_c30 cm.
341 _h0
490 _v0
_a0
505 _aMETODOLOGIA/RESULTADOS/DISCUSION/CONCLUSIONES/RECOMENDACIONE
541 _aD
_bHERRERA MUCHA, MILTON J.
_d14-Sep-06
_oSoles
650 _aEnfermería
942 _cTESIS
999 _c39678
_d39678